Ricostruisci la Carriera del Calciatore - Mario Pašalić - Statistics

Statistiche generali
  • Questo quiz è stato fatto 7 volte
  • Il punteggio medio è 3 su 7
Statistiche sulle risposte
Hint Risposta % Corretto
2013-2014 Hajduk Spalato
100%
2018- Atalanta
75%
2016-2017 Milan
50%
2014 Chelsea
25%
2014-2015 Elche
25%
2015-2016 Monaco
25%
2017-2018 Spartak Mosca
25%
Nessun quiz corrispondente trovato
Distribuzione punteggi
Percentuale di utenti per punteggio
Percentile per numero di risposta
I tuoi punteggi nel tempo
Non hai fatto questo quiz